000 01435cam a2200301 4500
001 L127178
008 000000n2004 000 0 eng u
020 _a0116217367
022 _a0267-8691
035 _a(Sirsi) u127178
041 _aeng
050 _a339.3
_c18
110 _aOffice for National Statistics
_92210
240 _aThe blue book
245 _aUnited Kingdom national accounts
_bthe Blue Book 2004
260 _aLondon
_bStationery Office
_c2004
350 _a41
490 _aONS Blue Book
520 _aThe key annual publication for national accounts statistics, the "Blue Book" provides detailed estimates of national product, income and expenditure for the UK. Includes full accounts by sector (non-financial corporations, financial corporations, central and local government and households), capital formation and environmental accounts. Also includes gross value added output for real estate, renting and business activities in the UK broken down into letting of dwellings and other activities
650 _aUNITED KINGDOM
690 _aBUILT ENVIRONMENT
690 _aEnvironment
_96238
690 _aMANAGEMENT
690 _aPROPERTY
700 _aClegg, Richard
_xEditor
856 _uhttps://www.ons.gov.uk/ons/rel/naa1-rd/united-kingdom-national-accounts/2004-edition/united-kingdom-national-accounts---the-blue-book.pdf
_zView the item free of charge at www.ons.gov.uk...
942 _n0
999 _c103711
_d103711